000 00356nam a2200133Ia 4500
008 100328s9999 xx 000 0 und d
082 _b29003
100 _aजोशी विमल
245 _aपाऊल खुणा
260 _bप्रपंच
630 _aपाऊल खुणा
730 _aपाऊल खुणा
942 _cBOOK
999 _c520142
_d520139